Are You Bored Yet? - Wallows ft. Clairo (All Lyrics) - Statistics

General Stats
  • This quiz has been taken 558 times
  • The average score is 176 of 214
Answer Stats
Are You Bored Yet? % Correct
a
99%
you
99%
I
98%
an
97%
Are
96%
bored
96%
but
95%
But
95%
yet?
95%
as
94%
we
94%
can
93%
the
93%
so
92%
And
91%
and
91%
sunset
91%
to
91%
asking
90%
be
90%
don't
90%
have
90%
your
89%
me
88%
watch
88%
can't
87%
tell
87%
this?
87%
this
87%
How
86%
how
86%
by
85%
if
85%
If
85%
will
85%
Will
85%
lie?
84%
answer
83%
get
83%
stay
83%
think
82%
When
82%
when
82%
feeling
81%
help
81%
you're
81%
all
80%
been
80%
could
80%
truth
80%
You've
80%
you've
80%
now
79%
on
79%
Verse 1 What's
79%
wrong?
79%
that
78%
Too
78%
about
77%
should
77%
come?
76%
from
75%
know
75%
like
75%
memory
75%
old
75%
pretend
75%
young
75%
asleep
74%
fall
74%
got
74%
far
73%
regret
73%
my
72%
start
72%
up
72%
another
71%
head
71%
lonely
71%
shit
71%
I've
70%
Before
69%
I'm
69%
let's
69%
life
69%
see
68%
at
67%
Verse 2 Feels
67%
side
67%
where
67%
whole
67%
ends
65%
home
65%
I'd
64%
through
63%
known
62%
only
62%
still
62%
thinking
62%
we're
62%
goes
61%
right
61%
Chorus Cause
60%
going
59%
Maybe
58%
for
57%
long
52%
stalling
49%
undefeated
46%
lies
44%
Holding
34%
we'd
32%
No matching quizzes found
Score Distribution
Percent of People with Each Score
Percentile by Number Answered
Your Score History
You have not taken this quiz